[Event "Titled Tuesday intern op 14th Mar Late"]
[Site "Chess.com INT"]
[Date "2023.03.14"]
[Round "3"]
[White "Dahl, Trygve"]
[Black "Yelisieiev, Yevhenii"]
[Result "1-0"]
[WhiteElo "2206"]
[BlackElo "2404"]
[PlyCount "45"]
[EventDate "2023.03.14"]
[EventType "swiss (blitz)"]
[EventRounds "11"]
[EventCountry "USA"]
[SourceTitle "EXT 2024"]
[Source "ChessBase"]
[SourceDate "2023.10.10"]
[SourceVersion "1"]
[SourceVersionDate "2023.10.10"]
[SourceQuality "1"]

1. c4 d6 2. Nc3 e5 3. e4 Nf6 4. g3 Be7 5. Bg2 0-0 6. Nge2 Nbd7 7. 0-0 c6 8. d3 a5 9. h3 Rb8 10. a4 Nc5 11. Be3 Qb6 12. Rb1 Qb3 13. Qd2 Qb4 14. b3 Rd8 15. Qc2 d5 16. exd5 cxd5 17. Nb5 dxc4 18. dxc4 g6 19. g4 Rd3 20. Nc1 Rxe3 21. fxe3 Nxg4 22. hxg4 Bxg4 23. Na2 1-0

[Event "Titled Tuesday intern op 14th Mar Late"]
[Site "Chess.com INT"]
[Date "2023.03.14"]
[Round "5"]
[White "Estrada Nieto, Julian"]
[Black "Dahl, Trygve"]
[Result "1-0"]
[WhiteElo "2217"]
[BlackElo "2206"]
[PlyCount "133"]
[EventDate "2023.03.14"]
[EventType "swiss (blitz)"]
[EventRounds "11"]
[EventCountry "USA"]
[SourceTitle "EXT 2024"]
[Source "ChessBase"]
[SourceDate "2023.10.10"]
[SourceVersion "1"]
[SourceVersionDate "2023.10.10"]
[SourceQuality "1"]

1. e4 e5 2. Nf3 Nf6 3. d4 Nxe4 4. Bd3 d5 5. Nxe5 Be7 6. 0-0 0-0 7. Nc3 Nf6 8. Bg5 Nbd7 9. Re1 Re8 10. Qf3 c6 11. h3 Nf8 12. Re2 Ng6 13. Rae1 Qc7 14. Bxf6 Bxf6 15. Ng4 Rxe2 16. Nxf6+ gxf6 17. Rxe2 Kg7 18. Nd1 Be6 19. Ne3 Qf4 20. Qxf4 Nxf4 21. Rd2 Rg8 22. Kh2 Kf8 23. h4 h5 24. g3 Ng6 25. Nf5 Bxf5 26. Bxf5 Ne7 27. Bd3 Ke8 28. Be2 Rh8 29. Bf3 Kd7 30. Rd3 Nf5 31. Bg2 Nd6 32. Ra3 a6 33. Rf3 f5 34. Bh3 Ke6 35. Re3+ Kf6 36. Kg2 Re8 37. Rxe8 Nxe8 38. Kf3 Nd6 39. b3 Ne4 40. Ke3 Nc3 41. a4 Ne4 42. Bf1 Nd6 43. Be2 Kg6 44. Kf4 f6 45. f3 Ne8 46. Bd3 Ng7 47. g4 Ne6+ 48. Ke3 Ng7 49. gxf5+ Kf7 50. Kf4 Ne8 51. Ke3 Kg7 52. f4 Nd6 53. c4 Ne8 54. c5 Kh6 55. Be2 Ng7 56. Bd3 Ne8 57. Kd2 Nc7 58. Kc3 Na8 59. Kb4 Nc7 60. Ka5 Na8 61. b4 Kg7 62. b5 cxb5 63. axb5 axb5 64. Kxb5 Kh6 65. c6 b6 66. Ka6 b5 67. Kb7 1-0

[Event "Titled Tuesday intern op 14th Mar Late"]
[Site "Chess.com INT"]
[Date "2023.03.14"]
[Round "2"]
[White "Keleberda, Timur"]
[Black "Dahl, Trygve"]
[Result "0-1"]
[WhiteElo "2285"]
[BlackElo "2206"]
[PlyCount "40"]
[EventDate "2023.03.14"]
[EventType "swiss (blitz)"]
[EventRounds "11"]
[EventCountry "USA"]
[SourceTitle "EXT 2024"]
[Source "ChessBase"]
[SourceDate "2023.10.10"]
[SourceVersion "1"]
[SourceVersionDate "2023.10.10"]
[SourceQuality "1"]

1. e4 e5 2. Nf3 Nf6 3. Nxe5 d6 4. Nf3 Nxe4 5. Nc3 Nxc3 6. dxc3 Be7 7. Nd4 0-0 8. Be3 Re8 9. h4 Nd7 10. Bc4 Ne5 11. Bd5 c6 12. Bb3 d5 13. h5 Ng4 14. Qf3 Bg5 15. 0-0 Rxe3 16. fxe3 Bxe3+ 17. Kh1 Qh4+ 18. Qh3 Nf2+ 19. Rxf2 Bxh3 20. Nf3 Qxf2 0-1

[Event "Titled Tuesday intern op 17th Jan Late"]
[Site "Chess.com INT"]
[Date "2023.01.17"]
[Round "5"]
[White "Berezin, Viktor1111"]
[Black "Dahl, Trygve"]
[Result "1/2-1/2"]
[WhiteElo "2307"]
[BlackElo "2180"]
[PlyCount "119"]
[EventDate "2023.01.17"]
[EventType "swiss (blitz)"]
[EventRounds "11"]
[EventCountry "USA"]
[SourceTitle "CBM 212 Extra"]
[Source "ChessBase"]
[SourceDate "2023.03.31"]
[SourceVersion "1"]
[SourceVersionDate "2023.03.31"]
[SourceQuality "1"]

1. d4 d5 2. c4 c6 3. Nf3 Nf6 4. g3 dxc4 5. Bg2 e6 6. 0-0 Be7 7. a4 0-0 8. Qc2 b5 9. Rd1 Bb7 10. b3 cxb3 11. Qxb3 a6 12. Nc3 Nbd7 13. Ba3 Nb6 14. Bxe7 Qxe7 15. Ne5 Rfc8 16. Rac1 Nfd7 17. Nxd7 Qxd7 18. a5 Nc4 19. Ne4 Nxa5 20. Qb4 Nc4 21. Nc5 Qe7 22. Rxc4 a5 23. Qb2 bxc4 24. Qxb7 Qxb7 25. Nxb7 a4 26. Nd6 Rcb8 27. Nxc4 a3 28. Nxa3 Rxa3 29. Bxc6 Ra2 30. Bf3 Rd8 31. Kg2 g6 32. e3 Rb8 33. Rf1 Rd2 34. g4 Rbb2 35. Kg3 h6 36. h4 Rb5 37. h5 gxh5 38. gxh5 Rg5+ 39. Kf4 Kg7 40. Bg4 Ra2 41. Bf3 Raa5 42. e4 Ra3 43. Rd1 Kf6 44. Rb1 e5+ 45. dxe5+ Rxe5 46. Rb6+ Re6 47. Rb5 Kg7 48. Bg4 Rf6+ 49. Bf5 Rh3 50. e5 Rf3+ 51. Kxf3 Rxf5+ 52. Kg3 Rxh5 53. f4 Rh1 54. Kg4 Re1 55. Kf5 Re2 56. Rb3 Rg2 57. Rb7 Re2 58. Rb3 Rg2 59. Rb7 Re2 60. Rb3 1/2-1/2

[Event "Titled Tuesday intern op 17th Jan Late"]
[Site "Chess.com INT"]
[Date "2023.01.17"]
[Round "1"]
[White "Dahl, Trygve"]
[Black "Lodici, Lorenzo"]
[Result "0-1"]
[WhiteElo "2180"]
[BlackElo "2511"]
[PlyCount "108"]
[EventDate "2023.01.17"]
[EventType "swiss (blitz)"]
[EventRounds "11"]
[EventCountry "USA"]
[SourceTitle "CBM 212 Extra"]
[Source "ChessBase"]
[SourceDate "2023.03.31"]
[SourceVersion "1"]
[SourceVersionDate "2023.03.31"]
[SourceQuality "1"]

1. c4 c5 2. Nc3 Nf6 3. e4 Nc6 4. g3 g6 5. Bg2 Bg7 6. Nge2 0-0 7. d3 e6 8. 0-0 d5 9. exd5 exd5 10. Nxd5 Nxd5 11. Bxd5 Nb4 12. Nc3 Bxc3 13. bxc3 Nxd5 14. cxd5 Qxd5 15. c4 Qc6 16. f3 Bf5 17. d4 cxd4 18. Qxd4 Rfd8 19. Qe5 f6 20. Qc3 Rd3 21. Qb4 Rxf3 22. Bb2 Re8 23. Qb5 Qxb5 24. cxb5 Rxf1+ 25. Rxf1 Bd3 26. Rf2 f5 27. Bd4 b6 28. a4 Re4 29. Bc3 Rxa4 30. Rd2 Bxb5 31. Rd8+ Kf7 32. Rh8 h5 33. Kf2 Ra3 34. Bd4 Bc6 35. Be3 b5 36. Rh7+ Ke6 37. Rxa7 Rb3 38. Ra6 Kd5 39. h3 b4 40. g4 hxg4 41. hxg4 fxg4 42. Ra5+ Ke6 43. Bd4 Bf3 44. Kg3 Rd3 45. Bc5 b3 46. Ra6+ Kd5 47. Bf8 Rd2 48. Rb6 Rg2+ 49. Kf4 Kc4 50. Bg7 Bd5 51. Rxg6 Bf3 52. Rb6 Re2 53. Rb8 Re7 54. Bf6 Rf7 0-1

[Event "NOR-chT Elite 2223"]
[Site "Norway"]
[Date "2023.01.15"]
[Round "6.24"]
[White "Dahl, Trygve"]
[Black "Gabrielsen, Stig"]
[Result "1/2-1/2"]
[WhiteElo "2180"]
[BlackElo "2266"]
[PlyCount "120"]
[EventDate "2022.11.11"]
[EventType "team-tourn"]
[EventRounds "9"]
[EventCountry "NOR"]
[SourceTitle "CBM 213 Extra"]
[Source "ChessBase"]
[SourceDate "2023.05.31"]
[SourceVersion "1"]
[SourceVersionDate "2023.05.31"]
[SourceQuality "1"]
[WhiteTeam "Hell"]
[BlackTeam "Bergens"]
[WhiteTeamCountry "NOR"]
[BlackTeamCountry "NOR"]

1. e4 c5 2. Nf3 d6 3. d4 cxd4 4. Nxd4 Nf6 5. Nc3 a6 6. f3 e5 7. Nb3 Be6 8. Be3 Nbd7 9. Qd2 h5 10. 0-0-0 Qc7 11. Kb1 Be7 12. Nd5 Bxd5 13. exd5 Bd8 14. c4 a5 15. Qe1 a4 16. Nd2 Qa5 17. f4 0-0 18. fxe5 Nxe5 19. Nf3 Qxe1 20. Rxe1 Ba5 21. Rd1 Nfg4 22. Bd4 Rfe8 23. Nxe5 dxe5 24. Bg1 e4 25. h3 Nh6 26. g4 e3 27. Be2 Bd2 28. Bh2 Rac8 29. d6 Red8 30. Bf4 f6 31. gxh5 Nf7 32. d7 Rc5 33. Rhg1 Rxd7 34. Rg3 Rd4 35. Bxe3 Bxe3 36. Rxe3 Rxd1+ 37. Bxd1 Rxc4 38. Re8+ Kh7 39. Re7 Nd6 40. Rd7 Rd4 41. Bxa4 f5 42. Rd8 Rxa4 43. Rxd6 Rh4 44. Rd3 Kh6 45. Rb3 Rxh5 46. Kc2 f4 47. Kd2 b5 48. Ke2 Kg6 49. Kf2 Kf6 50. Kg2 Rd5 51. h4 Kf5 52. Kf3 g6 53. Rc3 b4 54. Rb3 Rd4 55. a3 bxa3 56. bxa3 Ra4 57. Rc3 Ke5 58. Rd3 Kf5 59. Rb3 Ra5 60. Rc3 Ra4 1/2-1/2

[Event "Fagernes op"]
[Site "Fagernes"]
[Date "2022.04.15"]
[Round "7"]
[White "Dahl, Trygve"]
[Black "Mansoor, Afras"]
[Result "1/2-1/2"]
[WhiteElo "2252"]
[BlackElo "2033"]
[PlyCount "133"]
[EventDate "2022.04.10"]
[EventType "swiss"]
[EventRounds "9"]
[EventCountry "NOR"]
[SourceTitle "CBM 207 Extra"]
[Source "ChessBase"]
[SourceDate "2022.05.31"]
[SourceVersion "1"]
[SourceVersionDate "2022.05.31"]
[SourceQuality "1"]

1. e4 e5 2. Nf3 Nc6 3. Nc3 Nf6 4. Bb5 Nd4 5. Bd3 d6 6. h3 Be7 7. 0-0 0-0 8. Nxd4 exd4 9. Ne2 c5 10. Nf4 d5 11. exd5 Bd6 12. Qf3 Bxf4 13. Qxf4 Qxd5 14. Be2 Bf5 15. d3 Qd7 16. Bf3 Bg6 17. Qg5 Rac8 18. h4 h6 19. Qg3 Kh8 20. h5 Bh7 21. Qh4 Nd5 22. a3 b6 23. Bd2 Nc7 24. b3 Ne6 25. a4 a6 26. Rfe1 b5 27. axb5 axb5 28. Re5 Rfe8 29. Bg4 c4 30. bxc4 bxc4 31. Bxh6 f5 32. Bf3 gxh6 33. Qf6+ Ng7 34. Rd5 Qe6 35. Qxd4 cxd3 36. cxd3 Re7 37. Rb1 Rce8 38. Kh2 Qf7 39. Rb6 Re6 40. Rdd6 Bg8 41. Rb7 R8e7 42. Rbb6 Kh7 43. Qh4 Rxd6 44. Rxd6 Re6 45. Rd8 Re8 46. Rxe8 Qxe8 47. g4 Qe5+ 48. Qg3 Qxg3+ 49. Kxg3 fxg4 50. Bxg4 Bf7 51. Kf4 Nxh5+ 52. Ke5 Kg7 53. d4 Nf6 54. Bf5 Bd5 55. Bh3 Be4 56. Be6 Kg6 57. Kf4 h5 58. f3 Bb7 59. Bf5+ Kg7 60. Be6 Bc6 61. Bf5 Kf7 62. Kg5 Bxf3 63. d5 Bg4 64. Bg6+ Kg7 65. d6 Bf3 66. d7 Nxd7 67. Bxh5 1/2-1/2

[Event "Fagernes op"]
[Site "Fagernes"]
[Date "2022.04.12"]
[Round "4"]
[White "Dahl, Max"]
[Black "Dahl, Trygve"]
[Result "1/2-1/2"]
[WhiteElo "2054"]
[BlackElo "2252"]
[PlyCount "145"]
[EventDate "2022.04.10"]
[EventType "swiss"]
[EventRounds "9"]
[EventCountry "NOR"]
[SourceTitle "CBM 207 Extra"]
[Source "ChessBase"]
[SourceDate "2022.05.31"]
[SourceVersion "1"]
[SourceVersionDate "2022.05.31"]
[SourceQuality "1"]

1. d4 f5 2. Bg5 Nf6 3. Bxf6 exf6 4. e3 d5 5. c4 Nc6 6. Nc3 Bb4 7. cxd5 Qxd5 8. Nge2 Qf7 9. a3 Bxc3+ 10. Nxc3 0-0 11. Be2 Ne7 12. 0-0 Be6 13. Bf3 c6 14. Rc1 Rfd8 15. b4 Nd5 16. Nxd5 Bxd5 17. Rc5 a6 18. Bxd5 Rxd5 19. Qb3 Rad8 20. Rfc1 Qe6 21. a4 Kf8 22. Qc3 Kf7 23. Rb1 f4 24. Rxd5 Rxd5 25. Qb3 f3 26. gxf3 Ke7 27. Kf1 Qh3+ 28. Ke2 Qxh2 29. Qc4 Qd6 30. Rh1 h6 31. Rh4 Kf8 32. Qc3 f5 33. Qb3 Qe7 34. Rh5 Qf7 35. Rh1 Kg8 36. Qc4 Kh8 37. Rb1 Qd7 38. Rh1 Qd6 39. Rh5 Kh7 40. Rh1 b5 41. Qb3 bxa4 42. Qxa4 Rb5 43. Rc1 Rxb4 44. Rxc6 Rb2+ 45. Rc2 Qb6 46. Rxb2 Qxb2+ 47. Ke1 Qb5 48. Qd1 h5 49. d5 h4 50. Qd4 Kg6 51. d6 Qb1+ 52. Kd2 Qa2+ 53. Ke1 h3 54. d7 h2 55. Qd6+ Kf7 56. d8N+ Kg8 57. Qxh2 Qa5+ 58. Ke2 Qxd8 59. Qe5 Qd7 60. Qb8+ Kf7 61. Qa8 Qb5+ 62. Kd2 a5 63. Qa7+ Kg6 64. e4 Qb4+ 65. Ke3 Qb3+ 66. Kf4 fxe4 67. fxe4 a4 68. Qa6+ Kh7 69. Kg5 a3 70. Qg6+ Kg8 71. Qe8+ Kh7 72. Qg6+ Kg8 73. Qe8+ 1/2-1/2

[Event "Fagernes op"]
[Site "Fagernes"]
[Date "2021.10.16"]
[Round "8"]
[White "Dahl, Trygve"]
[Black "Al Tarbosh, Ward"]
[Result "0-1"]
[WhiteElo "2249"]
[BlackElo "2177"]
[PlyCount "32"]
[EventDate "2021.10.10"]
[EventType "swiss"]
[EventRounds "9"]
[EventCountry "NOR"]
[SourceTitle "CBM 204 Extra"]
[Source "ChessBase"]
[SourceDate "2021.11.30"]
[SourceVersion "1"]
[SourceVersionDate "2021.11.30"]
[SourceQuality "1"]

1. e4 b6 2. d4 Bb7 3. Bd3 e6 4. Nc3 Bb4 5. Nge2 d5 6. 0-0 dxe4 7. Nxe4 Nf6 8. N2g3 Nbd7 9. Qf3 Rb8 10. c3 Be7 11. Re1 0-0 12. Qe2 Re8 13. Bf4 Nd5 14. Bc1 f5 15. Nd2 Nf4 16. Qe3 Bg5 0-1

[Event "Fagernes op"]
[Site "Fagernes"]
[Date "2021.10.10"]
[Round "1"]
[White "Westrum, Kim Roger Hansen"]
[Black "Dahl, Trygve"]
[Result "1-0"]
[WhiteElo "1945"]
[BlackElo "2249"]
[PlyCount "65"]
[EventDate "2021.10.10"]
[EventType "swiss"]
[EventRounds "9"]
[EventCountry "NOR"]
[SourceTitle "CBM 204 Extra"]
[Source "ChessBase"]
[SourceDate "2021.11.30"]
[SourceVersion "1"]
[SourceVersionDate "2021.11.30"]
[SourceQuality "1"]

1. c4 f5 2. Nc3 Nf6 3. g3 d6 4. Bg2 e5 5. d3 Nc6 6. e4 Be7 7. Nge2 0-0 8. Nd5 a5 9. 0-0 Kh8 10. f3 Nxd5 11. cxd5 Nb8 12. b3 c5 13. f4 Bf6 14. Bb2 exf4 15. Bxf6 Qxf6 16. gxf4 Re8 17. Ng3 a4 18. bxa4 Qd4+ 19. Kh1 Rxa4 20. exf5 Ra3 21. Qh5 Rg8 22. Ne4 Rf8 23. Ng5 Bxf5 24. Ne6 Bxe6 25. dxe6 g6 26. e7 Re8 27. Qg5 Qg7 28. Rae1 Nc6 29. f5 gxf5 30. Qxf5 Rxe7 31. Qc8+ Qg8 32. Qxg8+ Kxg8 33. Bxc6 1-0

[Event "Fagernes op"]
[Site "Fagernes"]
[Date "2020.10.11"]
[Round "9"]
[White "Dahl, Trygve"]
[Black "Haldorsen, Benjamin"]
[Result "1/2-1/2"]
[WhiteElo "2211"]
[BlackElo "2469"]
[PlyCount "118"]
[EventDate "2020.10.04"]
[EventType "swiss"]
[EventRounds "9"]
[EventCountry "NOR"]
[SourceTitle "EXT 2021"]
[Source "ChessBase"]
[SourceDate "2020.10.23"]
[SourceVersion "1"]
[SourceVersionDate "2020.10.23"]
[SourceQuality "1"]

1. e4 c5 2. Nf3 d6 3. d4 cxd4 4. Nxd4 Nf6 5. f3 e5 6. Nb3 Be7 7. c4 0-0 8. Nc3 Nc6 9. Be3 a5 10. Qd2 a4 11. Nc1 Qa5 12. Be2 Nd4 13. Bd3 Be6 14. N1e2 Rfc8 15. Nxd4 exd4 16. Bxd4 Bxc4 17. 0-0 b5 18. Bxc4 Rxc4 19. a3 b4 20. axb4 Qxb4 21. Rfd1 Ra5 22. Kh1 h6 23. Qd3 Rc8 24. Qd2 Rc4 25. Qd3 Rc8 26. Qd2 Rb8 27. Rab1 Raa8 28. Bxf6 Bxf6 29. Nd5 Qxd2 30. Nxf6+ gxf6 31. Rxd2 a3 32. Kg1 Ra4 33. b3 Rab4 34. Rd3 Kg7 35. Ra1 Rxb3 36. Rxa3 Rb1+ 37. Kf2 R8b2+ 38. Kg3 Rg1 39. Rxd6 f5 40. Ra7 fxe4 41. Rdd7 Rgxg2+ 42. Kf4 exf3 43. Rxf7+ Kg6 44. Rg7+ Kh5 45. Kxf3 Rbf2+ 46. Ke3 Rxh2 47. Ra6 Re2+ 48. Kd3 Rd2+ 49. Ke3 Rde2+ 50. Kd3 Ra2 51. Rxa2 Rxa2 52. Ke3 Kh4 53. Kf3 h5 54. Rh7 Ra3+ 55. Kg2 Ra2+ 56. Kf3 Ra3+ 57. Kg2 Kg4 58. Rg7+ Kh4 59. Rh7 Ra2+ 1/2-1/2

[Event "Fagernes op"]
[Site "Fagernes"]
[Date "2020.10.07"]
[Round "5"]
[White "Dahl, Trygve"]
[Black "Lund, Gunnar"]
[Result "1-0"]
[WhiteElo "2211"]
[BlackElo "2302"]
[PlyCount "101"]
[EventDate "2020.10.04"]
[EventType "swiss"]
[EventRounds "9"]
[EventCountry "NOR"]
[SourceTitle "EXT 2021"]
[Source "ChessBase"]
[SourceDate "2020.10.23"]
[SourceVersion "1"]
[SourceVersionDate "2020.10.23"]
[SourceQuality "1"]

1. e4 c6 2. d4 d5 3. Nc3 dxe4 4. Nxe4 Nf6 5. Nxf6+ exf6 6. c3 Bd6 7. Bd3 0-0 8. Qc2 Re8+ 9. Ne2 h5 10. 0-0 h4 11. Re1 Nd7 12. Bf4 Nf8 13. Bxd6 Qxd6 14. h3 Be6 15. Rad1 g6 16. c4 f5 17. Qd2 Bd7 18. Qg5 Qe7 19. Qxe7 Rxe7 20. Kf1 Rae8 21. Ng1 f6 22. Rxe7 Rxe7 23. Nf3 g5 24. d5 Ng6 25. d6 Re8 26. Nd4 Ne5 27. Nxf5 Bxf5 28. Bxf5 c5 29. g3 Kf8 30. b3 Rd8 31. Rd5 b6 32. f4 Nf7 33. d7 hxg3 34. fxg5 fxg5 35. Kg2 Ke7 36. Kxg3 Kf6 37. Bg4 Rh8 38. Rf5+ Kg6 39. Rd5 Kf6 40. a3 a5 41. b4 axb4 42. axb4 cxb4 43. Rb5 Ne5 44. Rxb6+ Kf7 45. c5 Nxg4 46. Kxg4 Ke7 47. c6 Kd6 48. Kxg5 Kc7 49. Rxb4 Kxc6 50. Rd4 Rd8 51. Kf6 1-0

[Event "Fagernes op"]
[Site "Fagernes"]
[Date "2020.10.06"]
[Round "4"]
[White "Galinsky, Timofey"]
[Black "Dahl, Trygve"]
[Result "1/2-1/2"]
[WhiteElo "2370"]
[BlackElo "2211"]
[PlyCount "136"]
[EventDate "2020.10.04"]
[EventType "swiss"]
[EventRounds "9"]
[EventCountry "NOR"]
[SourceTitle "EXT 2021"]
[Source "ChessBase"]
[SourceDate "2020.10.23"]
[SourceVersion "1"]
[SourceVersionDate "2020.10.23"]
[SourceQuality "1"]

1. d4 f5 2. Nf3 Nf6 3. h3 d5 4. Bf4 e6 5. e3 c5 6. c3 Nc6 7. Nbd2 Be7 8. g4 0-0 9. Bd3 Ne4 10. gxf5 exf5 11. dxc5 Nxc5 12. Nb3 Ne4 13. Rg1 Kh8 14. Nbd4 Bd6 15. Bxe4 Bxf4 16. Bxd5 Qxd5 17. exf4 Qe4+ 18. Kf1 Qxf4 19. Qd3 Qe4 20. Rd1 Ne7 21. Ng5 Qxd3+ 22. Rxd3 Ng6 23. Nb5 b6 24. Rd6 Ba6 25. a4 Nf4 26. Rd7 g6 27. Rxh7+ Kg8 28. Rh4 Nh5 29. Rxh5 gxh5 30. Ne6+ Kf7 31. Nxf8 Rxf8 32. Rg5 Kf6 33. Rxh5 Rd8 34. Rh7 Rd1+ 35. Kg2 Ra1 36. b3 Bxb5 37. axb5 Ra3 38. c4 Rxb3 39. Rxa7 Rb4 40. Rc7 Kg5 41. Rc6 Ra4 42. Rxb6 Rxc4 43. Rb8 Kf4 44. b6 Rc6 45. h4 Rh6 46. b7 Rh7 47. f3 Rc7 48. h5 Rh7 49. h6 Rc7 50. Kh3 Rh7 51. Rf8 Rxb7 52. Kh4 Rb1 53. Kh5 Rh1+ 54. Kg6 Rg1+ 55. Kf6 Rh1 56. Kg7 Rg1+ 57. Kh8 Rg5 58. Rg8 Rh5 59. Kg7 Rg5+ 60. Kf7 Rh5 61. Rh8 Kxf3 62. h7 f4 63. Kg6 Rh1 64. Rf8 Kg3 65. h8Q Rxh8 66. Rxh8 f3 67. Rf8 f2 68. Rxf2 Kxf2 1/2-1/2

[Event "Trondheim Brokstads Memorial"]
[Site "Trondheim"]
[Date "2019.11.24"]
[Round "6"]
[White "Dahl, Trygve"]
[Black "Unhjem, Bjorn Robert Lovoll"]
[Result "0-1"]
[WhiteElo "2229"]
[BlackElo "1942"]
[PlyCount "132"]
[EventDate "2019.11.22"]
[EventType "swiss"]
[EventRounds "7"]
[EventCountry "NOR"]
[SourceTitle "EXT 2021"]
[Source "ChessBase"]
[SourceDate "2020.10.23"]
[SourceVersion "1"]
[SourceVersionDate "2020.10.23"]
[SourceQuality "1"]

1. e4 c5 2. Nf3 d6 3. d4 cxd4 4. Nxd4 Nf6 5. f3 g6 6. c4 Bg7 7. Nc3 0-0 8. Be3 Nc6 9. Be2 Nxd4 10. Bxd4 Be6 11. h4 Qa5 12. Qd2 Rfc8 13. b3 a6 14. g4 b5 15. cxb5 Nxe4 16. Nxe4 Qxd2+ 17. Kxd2 Bxd4 18. bxa6 Bxa1 19. Rxa1 Rcb8 20. Nc3 Kf8 21. Rb1 Bc8 22. b4 Bxa6 23. Bxa6 Rxa6 24. a4 d5 25. b5 Ra5 26. Kd3 e5 27. Rb4 Rba8 28. Nxd5 Rxa4 29. Kc4 Rc8+ 30. Kb3 Rxb4+ 31. Kxb4 Ke8 32. b6 Kd7 33. Kb5 Kd6 34. Nb4 Rc5+ 35. Ka6 Rc4 36. Kb5 Rc1 37. g5 Rb1 38. Kc4 Kd7 39. Kc5 Kc8 40. Nc6 Re1 41. Kd5 Kb7 42. Nxe5 Kxb6 43. Nxf7 Kc7 44. Ne5 Kd8 45. Ke6 Ke8 46. Kf6 Kf8 47. Nd7+ Kg8 48. Ne5 Rh1 49. Ng4 Rxh4 50. Ke5 Rh1 51. Kf4 Kf7 52. Ke5 Re1+ 53. Kf4 Re7 54. Nh6+ Ke6 55. Kg4 Re8 56. Kf4 Kd5 57. Kg4 Kd4 58. Nf7 Ke3 59. Kg3 Kd4 60. Nh6 Ra8 61. Ng4 Ra7 62. Kf4 Kd5 63. Nh6 Ke6 64. Kg4 Ra1 65. Kf4 Ra4+ 66. Kg3 Ke5 0-1

[Event "Fagernes GM op"]
[Site "Fagernes"]
[Date "2019.04.19"]
[Round "7"]
[White "Dahl, Trygve"]
[Black "Nordquelle, Daniel"]
[Result "1-0"]
[WhiteElo "2275"]
[BlackElo "2264"]
[PlyCount "67"]
[EventDate "2019.04.14"]
[EventType "swiss"]
[EventRounds "9"]
[EventCountry "NOR"]
[SourceTitle "CBM 189 Extra"]
[Source "ChessBase"]
[SourceDate "2019.06.03"]
[SourceVersion "1"]
[SourceVersionDate "2019.06.03"]
[SourceQuality "1"]

1. e4 c5 2. Nf3 d6 3. d4 cxd4 4. Nxd4 Nf6 5. f3 e5 6. Nb3 Be6 7. c4 Nbd7 8. Be3 a6 9. Nc3 Rc8 10. Nd2 Be7 11. Be2 0-0 12. 0-0 Nh5 13. Re1 g6 14. Rc1 f5 15. Nf1 Nhf6 16. Nd2 Kh8 17. Nd5 fxe4 18. Nxe7 Qxe7 19. Nxe4 Nxe4 20. fxe4 Nc5 21. Bf3 Bd7 22. Qd2 Bc6 23. Rcd1 Rfe8 24. b4 Na4 25. Bg4 Ra8 26. Bg5 Qf7 27. Rf1 Qxc4 28. Bf6+ Kg8 29. Qh6 Qf7 30. Rxd6 Bb5 31. Rf2 Re7 32. Bxe5 Qxf2+ 33. Kxf2 Rf8+ 34. Rf6 1-0

[Event "Fagernes GM op"]
[Site "Fagernes"]
[Date "2019.04.18"]
[Round "6"]
[White "Abdrlauf, Elham"]
[Black "Dahl, Trygve"]
[Result "1-0"]
[WhiteElo "2123"]
[BlackElo "2275"]
[PlyCount "85"]
[EventDate "2019.04.14"]
[EventType "swiss"]
[EventRounds "9"]
[EventCountry "NOR"]
[SourceTitle "CBM 189 Extra"]
[Source "ChessBase"]
[SourceDate "2019.06.03"]
[SourceVersion "1"]
[SourceVersionDate "2019.06.03"]
[SourceQuality "1"]

1. e4 c5 2. Nf3 Nc6 3. d4 cxd4 4. Nxd4 Qc7 5. Nc3 e6 6. g4 a6 7. Be3 Bb4 8. Nxc6 bxc6 9. Qd4 Be7 10. g5 e5 11. Qd2 Rb8 12. Rb1 Qa5 13. Bc4 h6 14. g6 fxg6 15. Rg1 Nf6 16. a3 g5 17. b4 Qd8 18. Ke2 Bb7 19. Rbd1 d6 20. f3 Qc7 21. Bb3 Rd8 22. Na4 Qd7 23. Rg3 d5 24. Bb6 0-0 25. Bxd8 Qxd8 26. exd5 cxd5 27. Nc3 Kh8 28. Nxd5 Nh5 29. Rg4 Qd7 30. Qe3 Qf5 31. Nxe7 Bxf3+ 32. Ke1 Qf6 33. Nd5 Qf5 34. Rg1 Bxd1 35. Kxd1 Nf4 36. Kc1 e4 37. Nc3 Qe5 38. Kb1 Rc8 39. Ne2 a5 40. Qd4 Qe7 41. Nxf4 gxf4 42. Rg6 Kh7 43. Re6 1-0

[Event "Fagernes GM op"]
[Site "Fagernes"]
[Date "2019.04.16"]
[Round "3"]
[White "Dahl, Trygve"]
[Black "Isha, Sharma"]
[Result "0-1"]
[WhiteElo "2275"]
[BlackElo "1989"]
[PlyCount "88"]
[EventDate "2019.04.14"]
[EventType "swiss"]
[EventRounds "9"]
[EventCountry "NOR"]
[SourceTitle "CBM 189 Extra"]
[Source "ChessBase"]
[SourceDate "2019.06.03"]
[SourceVersion "1"]
[SourceVersionDate "2019.06.03"]
[SourceQuality "1"]

1. e4 c5 2. Nf3 e6 3. g3 Nc6 4. Bg2 Nf6 5. d3 g6 6. 0-0 Bg7 7. Re1 d6 8. c3 e5 9. h3 0-0 10. d4 cxd4 11. cxd4 Qb6 12. d5 Ne7 13. Nc3 Ne8 14. Nd2 f5 15. Nc4 Qc5 16. b3 b5 17. Be3 Qb4 18. a3 Qxc3 19. Rc1 Qxc1 20. Qxc1 bxc4 21. bxc4 fxe4 22. c5 Nxd5 23. cxd6 Nxe3 24. Qc6 Nxg2 25. Rb1 Bxh3 26. Qxa8 e3 27. fxe3 Nxd6 28. Qxa7 Bh6 29. Kh2 Bf5 30. Rb8 Nxe3 31. Rxf8+ Kxf8 32. Qb8+ Ke7 33. Qc7+ Bd7 34. a4 Nd5 35. Qa5 Ke6 36. Qa8 Ne7 37. a5 Be3 38. Qb8 Nb5 39. a6 h5 40. Qd8 Ba7 41. Qa5 e4 42. Qa2+ Nd5 43. Qc2 Ke5 44. Qb2+ Bd4 0-1

[Event "Rilton Cup 48th"]
[Site "Stockholm"]
[Date "2019.01.02"]
[Round "6"]
[White "Dahl, Trygve"]
[Black "Hauge, Lars Oskar"]
[Result "0-1"]
[WhiteElo "2342"]
[BlackElo "2466"]
[PlyCount "82"]
[EventDate "2018.12.27"]
[EventType "swiss"]
[EventRounds "9"]
[EventCountry "SWE"]
[SourceTitle "CBM 188 Extra"]
[Source "ChessBase"]
[SourceDate "2019.02.26"]
[SourceVersion "1"]
[SourceVersionDate "2019.02.26"]
[SourceQuality "1"]

1. e4 e6 2. d4 d5 3. Nc3 Nf6 4. Bg5 dxe4 5. Nxe4 Be7 6. Bxf6 gxf6 7. Nf3 a6 8. g3 f5 9. Nc3 b5 10. Bg2 Bb7 11. 0-0 0-0 12. Ne5 Bxg2 13. Kxg2 c5 14. d5 Bf6 15. Re1 Qc7 16. f4 b4 17. Na4 Rd8 18. Qf3 exd5 19. c4 Nc6 20. cxd5 Nd4 21. Qf2 Rxd5 22. Rac1 Rad8 23. Kh3 Bg7 24. b3 R8d6 25. Nf3 Qc6 26. Nh4 Bf6 27. Re3 Kf8 28. Nb2 Bxh4 29. gxh4 Ne6 30. Nc4 Rd4 31. Nxd6 Nxf4+ 32. Kg3 Qxd6 33. Qf3 Nd5+ 34. Kg2 Rg4+ 35. Kf1 Nxe3+ 36. Qxe3 Rf4+ 37. Kg1 Qg6+ 38. Kh1 Qc6+ 39. Kg1 Rg4+ 40. Kf1 Qg2+ 41. Ke1 Re4 0-1

[Event "Rilton Cup 48th"]
[Site "Stockholm"]
[Date "2018.12.30"]
[Round "4"]
[White "Dahl, Trygve"]
[Black "Nielsen, Andre"]
[Result "1/2-1/2"]
[WhiteElo "2342"]
[BlackElo "2211"]
[PlyCount "101"]
[EventDate "2018.12.27"]
[EventType "swiss"]
[EventRounds "9"]
[EventCountry "SWE"]
[SourceTitle "CBM 188 Extra"]
[Source "ChessBase"]
[SourceDate "2019.02.26"]
[SourceVersion "1"]
[SourceVersionDate "2019.02.26"]
[SourceQuality "1"]

1. e4 c5 2. Nf3 d6 3. d4 cxd4 4. Nxd4 Nf6 5. f3 e5 6. Bb5+ Nbd7 7. Nf5 a6 8. Ba4 b5 9. Bb3 Nc5 10. Ne3 Be6 11. Nc3 Be7 12. 0-0 0-0 13. Ned5 Rc8 14. Be3 Kh8 15. Qd2 Ne8 16. Rad1 f5 17. Bxc5 Rxc5 18. Nxe7 Qxe7 19. Bxe6 Qxe6 20. exf5 Qxf5 21. Ne4 Rc6 22. c3 h6 23. Rfe1 Rf7 24. Re3 Rd7 25. Rd3 Qe6 26. b4 Rd8 27. Qc2 Qc4 28. Qb3 Qxb3 29. axb3 Kg8 30. Kf2 Kf7 31. Ke2 Ke7 32. Ra1 Nf6 33. Ke3 d5 34. Nc5 d4+ 35. Kf2 dxc3 36. Rxd8 Kxd8 37. Rd1+ Ke7 38. Ke2 c2 39. Rc1 Nd5 40. Rxc2 Nxb4 41. Rc1 a5 42. Kd2 Rd6+ 43. Ke2 Nc6 44. Ke3 Nb4 45. Ke2 Rd4 46. Ra1 Nd5 47. g3 a4 48. bxa4 bxa4 49. Ke1 Nb4 50. Kf1 Rc4 51. Rxa4 1/2-1/2